Statistiques concernant Personnage Food Wars

Cliquez ici pour prendre le quiz!

Statistiques générales

  • Ce quiz a été pris 46 fois
    (44 depuis la dernière actualisation)
  • Le résultat moyen est 19 sur 57

Statistiques - réponses

Personnage% Correct
1Yukihira Sôma
100%
2Nakiri Erina
95%
6Nakiri Alice
84%
3Tadokoro Megumi
84%
7Kurokiba Ryō
78%
4Aldini Takumi
73%
8Hayama Akira
65%
9Mito Ikumi
62%
5Aldini Isami
59%
29Isshiki Satoshi
54%
33Saiba Jōichirō
54%
32Dōjima Gin
51%
22Kobayashi Rindō
51%
26Eizan Etsuya
46%
21Tsukasa Eishi
46%
14Ibusaki Shun
43%
12Yoshino Yūki
43%
23Akanegakubo Momo
41%
10Arato Hisako
41%
25Kinokuni Nene
41%
30Kuga Terunori
41%
Saiba Asahi
41%
13Marui Zenji
38%
37Shinomiya Kojirō
38%
36Shiomi Jun
38%
31Daimidō Fumio
35%
20Mimasaka Subaru
35%
35Nakiri Azami
35%
46Nakiri Senzaemon
32%
24Saitō Sōmei
32%
42Chapelle Roland
27%
16Satō Shōji
27%
11Sakaki Ryōko
24%
28Megishima Tōsuke
19%
15Aoki Daigo
16%
41Kurase Mayumi
16%
19Sadatsuka Nao
16%
27Shiratsu Julio
16%
39Hugo Lucie
14%
18Hōjō Miyoko
11%
17Kawashima Urara
11%
38Blondin Abel
8%
50Inui Hinako
8%
51Tsunozaki Taki
8%
49Gotōda Donato
5%
52Kikuchi Sonoka
5%
53Konishi Kanichi
5%
47Mizuhara Fuyumi
5%
44Nakiri Leonora
5%
45Nakiri Sōe
5%
43Sena Hiromi
5%
40Wei Gao
5%
34Ebisawa Riko
3%
56Kumai Shigemichi
3%
54Kusunoki Rentarō
3%
48Sekimori Hitoshi
3%
55Yanai Mea
3%

Distribution des résultats

Percentile par nombre de réponses

% des personnes avec chaque résultat

Votre développement - résultats

Vous n’avez pas pris ce quiz depuis la dernière actualisation